00241nam a2200097Ia 4500008004100000100001700041245003300058260002100091300001000112650002100122190216s9999||||xx |||||||||||||| ||und|| aAlan Simpson 0aUnderstanding Dbase Iii Plus bBpb Publications a414 p aComputer Science